Szczegóły MARC21

Toward a social history of American English /

003 -Nazwa inst., której nr kontr. jest w polu 001 [,]
    • @
    • Nazwa instytucji, której n kontrolny jest w polu 001
    • NUKAT
005 -DATA I CZAS OSTATNIEJ MODYFIKACJI [,]
    • @
    • pole kontrolne
    • 20241231111252.0
020 -Międzynarod. znormalizowany nr książki - ISBN [ , ]
    • a
    • Numer ISBN
    • 311010587X Find
    • q
    • Dopowiedzenie
    • Pb.
020 -Międzynarod. znormalizowany nr książki - ISBN [ , ]
    • a
    • Numer ISBN
    • 3110105845 Find
    • q
    • Dopowiedzenie
    • geb.
020 -Międzynarod. znormalizowany nr książki - ISBN [ , ]
    • a
    • Numer ISBN
    • 0899250467 Find
020 -Międzynarod. znormalizowany nr książki - ISBN [ , ]
    • a
    • Numer ISBN
    • 0899250475 Find
    • q
    • Dopowiedzenie
    • pbk.
040 -Instytucja sporządzająca opis [ , ]
    • a
    • Instytucja, która sporządziła opis (NP)
    • NUKAT
    • b
    • Język katalogowania
    • pol
    • e
    • Zasady katalogowania
    • rda
    • c
    • Instytucja, która sporządziła rekord (NP)
    • WA U/BM
    • d
    • Instytucja, która zmodyfikowała rekord (P)
    • WA U/KU
    • d
    • Instytucja, która zmodyfikowała rekord (P)
    • SZCZ U/ABs
044 -Kraj miejsca wydania [ , ]
    • a
    • Kraj miejsca wydania
    • Niemcy
    • a
    • Kraj miejsca wydania
    • Stany Zjednoczone po 1988
942 -Rodzaj dokumentu [ , ]
    • c
    • Rodzaj dokumentu
    • Książka
100 -Hasło główne - nazwa osobowa [1, ]
    • a
    • Nazwa osobowa (NP)
    • Dillard, Joey Lee
    • d
    • Daty biograficzne (NP)
    • (1924- ).
    • e
    • Rodzaj współpracy
    • Autor
    • 9
    • KHW
    • 480775
245 -Strefa tytułu i oznaczenia odpowiedzialności [1,0]
    • a
    • Tytuł
    • Toward a social history of American English / Find
    • c
    • Pozostałe elementy strefy tytułu i oznaczenia odpowiedzialności (NP)
    • by J. L. Dillard ; with a chapter on Appalachian English by Linda L. Blanton.
260 -Strefa adresu wydawniczego [ , ]
    • a
    • Miejsce wydania (P)
    • Berlin ;
    • a
    • Miejsce wydania (P)
    • New York :
    • b
    • Nazwa wydawcy (P)
    • Mouton,
    • c
    • Data wydania (P)
    • 1985.
300 -Strefa opisu fizycznego [ , ]
    • a
    • Określenie formy książki i/lub objętość (NP)
    • XII, 301 stron ;
    • c
    • Format (NP)
    • 24 cm.
336 -Typ zawartości [ , ]
    • a
    • Termin opisujący typ zawartości
    • Tekst
    • b
    • Kod określający zawartość
    • txt
    • 2
    • Źródło (terminu i kodu)
    • rdacontent
337 -Typ mediów [ , ]
    • a
    • Tryb odtwarzania
    • Bez urządzenia pośredniczącego
    • b
    • Kod typu mediów
    • n
    • 2
    • Źródło (terminu i kodu)
    • rdamedia
338 -Typ/rodzaj nośnika [ , ]
    • a
    • Hasło opisujące typ nośnika
    • Wolumin
    • b
    • Kod typu nośnika
    • nc
    • 2
    • Źródło (terminu i kodu)
    • rdacarrier
490 -Strefa serii i książki wielotomowej - forma nie do wyszukiwania [1, ]
    • a
    • Tytuł (P)
    • Contributions to the Sociology of Language ; Find
    • v
    • Numeracja (P)
    • 39
830 -Hasło dodatkowe serii i opisu książki wielotomowej - tytuł ujednolicony/tytuł [ ,0]
    • a
    • Tytuł ujednolicony/tytuł (NP)
    • Contributions to the Sociology of Language
    • v
    • Oznaczenie tomu (NP)
    • 39
    • 9
    • KHW
    • 480776
650 -Hasło przedmiotowe [ ,7]
    • a
    • Hasło przedmiotowe
    • Język angielski (amerykański)
    • x
    • Określnik rzeczowy
    • dialekty.
    • 2
    • Źródło terminu
    • kaba
    • 9
    • KHW
    • 112974
650 -Hasło przedmiotowe [ ,7]
    • a
    • Hasło przedmiotowe
    • Amerykanizmy.
    • 2
    • Źródło terminu
    • kaba
    • 9
    • KHW
    • 101164
650 -Hasło przedmiotowe [ ,7]
    • a
    • Hasło przedmiotowe
    • Język angielski (amerykański)
    • x
    • Określnik rzeczowy
    • historia.
    • 2
    • Źródło terminu
    • kaba
    • 9
    • KHW
    • 603624
650 -Hasło przedmiotowe [ ,7]
    • a
    • Hasło przedmiotowe
    • Język angielski
    • x
    • Określnik rzeczowy
    • aspekt społeczny
    • z
    • Określnik geograficzny
    • Stany Zjednoczone.
    • 2
    • Źródło terminu
    • kaba
    • 9
    • KHW
    • 538113
710 -Hasło dodatkowe - nazwa ciała zbiorowego [2, ]
    • a
    • Nazwa ciała zbiorowego lub nazwa geograficzna jako pierwszy element (NP)
    • Mouton Publishers.
    • e
    • Rodzaj współpracy
    • Wydawca
    • 4
    • Kod relacji
    • pbl
    • 9
    • KHW
    • 74779
920 -ISBN [ , ]
    • a
    • ISBN
    • 3-11-010587-X Find
    • q
    • Dopowiedzenie
    • Pb.
920 -ISBN [ , ]
    • a
    • ISBN
    • 3-11-010584-5 Find
    • q
    • Dopowiedzenie
    • geb.
920 -ISBN [ , ]
    • a
    • ISBN
    • 0-89925-046-7 Find
920 -ISBN [ , ]
    • a
    • ISBN
    • 0-89925-047-5 Find
    • q
    • Dopowiedzenie
    • pbk.
Sygnatura Uwagi nie widoczne w OPAC Lokalizacja Status udost. Numer inwentarzowy
ANG. Odmiany jęz. ang. 28depozyt BMBM1Z.67171